000
00291nam a22001337a 4500
008
190205b xxu||||| |||| 00| 0 eng d
020
_a
007034583
041
_a
eng
080
_2
3rd
_a
330
100
_a
52
101
_a
EKO
245
_a
Economic Development
_c
Herrick, K
942
_2
udc
_c
BK
999
_c
54029
_d
54029